Director by their Most Popular Film - Statistics

General Stats
  • This quiz has been taken 28 times
  • The average score is 12 of 16
Answer Stats
Picture Answer % Correct
Steven Spielberg
100%
Alfred Hitchcock
96%
George Lucas
96%
James Cameron
92%
Orson Welles
88%
Akira Kurosawa
85%
Stanley Kubrick
85%
Peter Jackson
81%
Sofia Coppola
81%
Federico Fellini
69%
Ingmar Bergman
65%
Wes Anderson
62%
Jane Campion
58%
Greta Gerwig
50%
Kathryn Bigelow
50%
Ava DuVernay
23%
No matching quizzes found
Score Distribution
Percent of People with Each Score
Percentile by Number Answered
Your Score History
You have not taken this quiz